[Event "FINAL MISTRZOSTW POLSKI JUNIOROW 2018 - GRUPA  C16"]
[Site "Jastrzebia Gora"]
[Date "1899-12-30"]
[Round "1.1"]
[White "Teclaf, Pawel"]
[Black "Kopaczewski, Adam"]
[Result "1-0"]
[WhiteTitle "CM"]
[BlackTitle "I+"]
[WhiteElo "2386"]
[BlackElo "1996"]

1. e4 e5 2. Nf3 Nc6 3. Bb5 a6 4. Ba4 d6 5. c3 f5 6. exf5 Bxf5 7. O-O Bd3 8. Qb3
b5 9. Qd5 Nd4 10. cxd4 Ne7 11. Qe6 Bxf1 12. Bb3 Bc4 13. Bxc4 bxc4 14. dxe5 Qd7
15. Qxc4 Qc6 16. Qf1 g6 17. d4 Bg7 18. Bg5 Nd5 19. Nbd2 h6 20. Bh4 O-O 21. Rc1
Qb5 22. Bg3 dxe5 23. Nxe5 Qxf1+ 24. Kxf1 Ne3+ 25. Kg1 Nf5 26. Ndf3 g5 27. h3 Nxg3
28. fxg3 Bxe5 29. dxe5 Rab8 30. b3 Rf7 31. Nd4 Rb4 32. e6 Rf6 33. e7 Kf7 34. Re1
Ke8 35. Ne6 Rxe6 36. Rxe6 Rb6 37. Rxb6 cxb6 38. Kf2 Kxe7 39. Ke3 Kd7 40. Ke4 Ke6
41. g4 a5 42. g3 b5 43. h4 a4 44. bxa4 bxa4 45. hxg5 hxg5 46. a3 1-0

[Event "FINAL MISTRZOSTW POLSKI JUNIOROW 2018 - GRUPA  C16"]
[Site "Jastrzebia Gora"]
[Date "1899-12-30"]
[Round "1.2"]
[White "Warchol, Bartosz"]
[Black "Szpar, Milosz"]
[Result "1/2-1/2"]
[WhiteTitle "I++"]
[BlackTitle "FM"]
[WhiteElo "1969"]
[BlackElo "2376"]

1. d4 d5 2. c4 c6 3. Nf3 Nf6 4. Nc3 dxc4 5. a4 Bf5 6. Ne5 Nbd7 7. Nxc4 Qc7 8. g3
e5 9. dxe5 Nxe5 10. Bf4 Nfd7 11. Bg2 g5 12. Ne3 gxf4 13. Nxf5 O-O-O 14. O-O Nc5
15. Qc2 fxg3 16. hxg3 a5 17. Bh3 Kb8 18. Rfd1 h5 19. Rxd8+ Qxd8 20. Rd1 Qf6 21.
Ne4 Nxe4 22. Qxe4 Bc5 23. Kg2 h4 24. g4 Rg8 25. Qf4 Ka7 26. e3 Qe6 27. Nd4 Bxd4
28. Qxd4+ Kb8 29. f3 f5 30. Qf4 Ka8 31. g5 Qb3 32. Rd2 Nc4 33. Re2 Re8 34. e4
Qd3 35. Kf2 fxe4 36. Rxe4 Qc2+ 37. Kg1 Rxe4 38. fxe4 Nd2 39. Bg2 Qd1+ 40. Kh2
Qe2 41. Kh3 Nc4 42. g6 Qd3+ 43. Kxh4 Qd8+ 44. Kg3 Qg8 45. Qf6 Qb8+ 46. Kh4 Ne5
47. g7 Nd7 48. Qf7 Qd8+ 49. Kh5 Ka7 50. Bh3 Nf6+ 51. Kg6 Nxe4 52. Qf5 Qd6+ 53.
Kf7 Qb4 54. Qe5 Nd6+ 55. Kg6 Nc4 56. Qf6 Qb3 57. Be6 Qd3+ 58. Kf7 Nd6+ 59. Kf8
Ne4 60. Qf4 Qd8+ 61. Kf7 Ng5+ 62. Kg6 Nxe6 63. Qe3+ Nd4 64. Kf7 Qd5+ 65. Kf8 Qd8+
66. Kf7 Qd5+ 67. Kf8 Qd8+ 68. Kf7 Qd5+ 1/2-1/2

[Event "FINAL MISTRZOSTW POLSKI JUNIOROW 2018 - GRUPA  C16"]
[Site "Jastrzebia Gora"]
[Date "1899-12-30"]
[Round "1.3"]
[White "Psyk, Radoslaw"]
[Black "Strzelecki, Maciej"]
[Result "1-0"]
[WhiteTitle "k++"]
[BlackTitle "I"]
[WhiteElo "2313"]
[BlackElo "1952"]

1. e4 c5 2. Nf3 d6 3. Bb5+ Nd7 4. d4 cxd4 5. Qxd4 a6 6. Bxd7+ Bxd7 7. c4 e5 8.
Qd3 b5 9. Nc3 bxc4 10. Qxc4 Be6 11. Qc6+ Bd7 12. Qc4 Be6 13. Qd3 h6 14. O-O Nf6
15. Rd1 Be7 16. Ne1 O-O 17. Nc2 Qb6 18. Ne3 Rfc8 19. b3 Rc6 20. Bd2 Rac8 21. Be1
Bd8 22. Rab1 Qa7 23. Ncd5 Bxd5 24. exd5 R6c7 25. Ba5 Rd7 26. Bxd8 Rdxd8 27. Rdc1
a5 28. Nf5 Qd7 29. Qf3 Kh7 30. Ne3 a4 31. b4 Rxc1+ 32. Rxc1 Qb5 33. Qf5+ Kg8 34.
Rc8 Rxc8 35. Qxc8+ Kh7 36. Qc4 Qb6 37. Qc2+ Kg8 38. Qxa4 Qd4 39. g3 Ne4 40. Qe8+
Kh7 41. Qxf7 Qxb4 42. Qf5+ Kh8 43. Qc8+ Kh7 44. Qc2 Kg8 45. Qc8+ Kh7 46. Kg2 Nf6
47. Qc4 Qa3 48. Qb3 Qa5 49. a4 e4 50. Qb5 Qd2 51. a5 h5 52. h3 h4 53. g4 Qd4 54.
a6 1-0

[Event "FINAL MISTRZOSTW POLSKI JUNIOROW 2018 - GRUPA  C16"]
[Site "Jastrzebia Gora"]
[Date "1899-12-30"]
[Round "1.4"]
[White "Mike, Patryk"]
[Black "Mis, Mieszko"]
[Result "1/2-1/2"]
[WhiteTitle "I"]
[BlackTitle "FM"]
[WhiteElo "1945"]
[BlackElo "2306"]

1. e4 c6 2. d4 d5 3. exd5 cxd5 4. Bd3 Nc6 5. c3 Nf6 6. h3 g6 7. Nf3 Bg7 8. O-O
Qc7 9. Na3 a6 10. Nc2 O-O 11. Be3 Na5 12. Qc1 Nc4 13. Bf4 Qb6 14. b3 Nd6 15. c4
dxc4 16. bxc4 Qd8 17. Qb2 b5 18. c5 Nf5 19. g4 Qd5 20. Ne5 Nd7 21. Rae1 Bxe5 22.
Be4 Bxd4 23. Bxd5 Bxb2 24. Bxa8 Nxc5 25. Rd1 e5 26. gxf5 exf4 27. fxg6 hxg6 28.
Bg2 Be6 29. Rd6 Rc8 30. Nb4 Be5 31. Rb6 Bc4 32. Rd1 Kg7 33. Nxa6 Na4 34. Rb7 Nc3
35. Re1 Bd4 36. Bf1 Bxa2 37. Nb4 Bb3 38. Bxb5 Nd1 39. Nd3 Rc3 40. Rf1 f3 41. Rd7
Bf6 42. Rd6 Rc8 43. Bc6 Be7 44. Rd7 Rxc6 45. Rxe7 Rd6 46. Nc5 Bc4 47. Ne4 Rd4
48. Re1 Be2 49. Ng3 Nc3 50. Re3 Nd5 51. Nxe2 fxe2 52. R3xe2 Nf4 53. Re3 1/2-1/2

[Event "FINAL MISTRZOSTW POLSKI JUNIOROW 2018 - GRUPA  C16"]
[Site "Jastrzebia Gora"]
[Date "1899-12-30"]
[Round "1.5"]
[White "Kosakowski, Jakub"]
[Black "Poziomkowski, Szymon"]
[Result "1-0"]
[WhiteTitle "FM"]
[BlackTitle "I"]
[WhiteElo "2301"]
[BlackElo "1923"]

1. e4 c6 2. d4 d5 3. e5 Bf5 4. h4 h5 5. Bd3 Bxd3 6. Qxd3 e6 7. Bg5 Qb6 8. Nd2 c5
9. c4 Nc6 10. Ngf3 Nge7 11. dxc5 Qxc5 12. O-O Ng6 13. Rac1 Be7 14. Bxe7 Ngxe7
15. Rfe1 Rd8 16. Nb3 Qb6 17. c5 Qb4 18. Nfd4 Nxd4 19. Nxd4 a6 20. a3 Qa4 21. b4
Nc6 22. Ne2 Nxe5 23. Qc3 f6 24. Nd4 Kf7 25. f4 Ng4 26. Rxe6 Rhe8 27. f5 Ne5 28.
Re1 Qd7 29. Qb3 Qc8 30. Rxe8 Kxe8 31. Qd1 Qd7 32. Ne6 Rc8 33. Qxh5+ Qf7 34. Nxg7+
Ke7 35. Qxf7+ Kxf7 36. Ne6 1-0

[Event "FINAL MISTRZOSTW POLSKI JUNIOROW 2018 - GRUPA  C16"]
[Site "Jastrzebia Gora"]
[Date "1899-12-30"]
[Round "1.6"]
[White "Paliwoda, Borys"]
[Black "Pacan-milej, Kosma"]
[Result "0-1"]
[WhiteTitle "I"]
[BlackTitle "FM"]
[WhiteElo "1912"]
[BlackElo "2265"]

1. e4 c5 2. Nf3 d6 3. d4 Nf6 4. dxc5 Nxe4 5. cxd6 Nc6 6. Bd3 Nxd6 7. O-O g6 8.
Nc3 Bg7 9. Ne4 O-O 10. c3 Nxe4 11. Bxe4 Qc7 12. Be3 e5 13. Qe2 Ne7 14. Rfd1 Nf5
15. Rd2 Be6 16. Bd5 Bxd5 17. Rxd5 Rad8 18. Rxd8 Rxd8 19. Rd1 Rxd1+ 20. Qxd1 Nxe3
21. fxe3 e4 22. Nd2 Qc5 23. Qe2 Qd5 24. Nb3 h5 25. Qd2 Qc4 26. Kf2 Kh7 27. Qc2
b5 28. Nd2 Qxa2 29. Nxe4 a5 30. Qd2 a4 31. Kf3 Qc4 32. Ng5+ Kh6 33. e4 Qf1+ 34.
Kg3 Be5+ 35. Kh3 Kg7 36. Nf3 Bc7 37. Qd4+ Kg8 38. Qd7 Qc4 39. Qe8+ Kg7 40. Qe7
Bf4 41. Ne5 Qb3 42. Nd7 Qe6+ 43. Qxe6 fxe6 44. Nc5 Bc1 45. c4 Bxb2 46. cxb5 a3
47. b6 a2 48. b7 Be5 49. Nb3 g5 50. g3 Kf7 51. Kg2 Ke7 52. h4 g4 0-1

[Event "FINAL MISTRZOSTW POLSKI JUNIOROW 2018 - GRUPA  C16"]
[Site "Jastrzebia Gora"]
[Date "1899-12-30"]
[Round "1.7"]
[White "Pniaczek, Marek"]
[Black "Kulesza, Andrzej"]
[Result "0-1"]
[WhiteTitle "CM"]
[BlackTitle "I"]
[WhiteElo "2239"]
[BlackElo "1903"]

1. e4 c5 2. Nf3 d6 3. d4 cxd4 4. Nxd4 Nf6 5. f3 e5 6. Nb3 d5 7. Bg5 Be6 8. Bxf6
gxf6 9. exd5 Qxd5 10. Qxd5 Bxd5 11. Nc3 Be6 12. O-O-O Nd7 13. Nb5 Bh6+ 14. Kb1
Ke7 15. Nc7 Rac8 16. Nd5+ Bxd5 17. Rxd5 Ke6 18. Rd1 f5 19. g4 fxg4 20. fxg4 Rc7
21. Bd3 Bf4 22. h3 h5 23. Rhe1 Kf6 24. Bf5 Nb6 25. Nd2 hxg4 26. hxg4 Rh2 27. Ne4+
Kg7 28. Nd6 Kf8 29. Be4 Nc4 30. Nxc4 Rxc4 31. b3 Rc7 32. Rh1 Rxh1 33. Bxh1 Ke7
34. c4 b6 35. Bd5 a5 36. Kb2 Kf6 37. Be4 Kg5 38. Bf5 Re7 39. Re1 Bd2 40. Re2 Bb4
41. Kc2 e4 42. Bxe4 Kxg4 43. Kd3 Bc5 44. Rg2+ Kf4 45. Bd5 f5 46. Rg6 Rh7 47. Bg2
Re7 48. Bd5 Re3+ 49. Kd2 Bb4+ 50. Kc2 Re2+ 51. Kb1 Bc5 52. Rf6 Bd4 53. Rf7 Rf2
54. Be6 Ke4 55. Rh7 Kd3 56. Rh3+ Kd2 57. Rh1 f4 58. c5 Bxc5 59. Bc4 f3 60. Bd5
Ke3 61. Rh3 Kf4 62. Rh1 Rd2 63. Bc4 f2 64. Rh7 Bd4 65. a4 Kg3 66. Rf7 Kg2 67.
Kc1 Ra2 68. b4 Ra1+ 69. Kd2 f1=Q 70. Bxf1+ Rxf1 71. Rd7 Bf2 72. bxa5 bxa5 73.
Rd5 Ra1 74. Kc2 Rxa4 75. Kb3 Rb4+ 76. Ka3 Bb6 77. Rf5 Kg3 78. Rf6 Kg4 79. Rf7
Bc5 80. Ka2 a4 81. Rf6 a3 82. Rf7 Rb2+ 83. Ka1 Rd2 84. Rg7+ Kf5 85. Rf7+ Ke5 0-1

[Event "FINAL MISTRZOSTW POLSKI JUNIOROW 2018 - GRUPA  C16"]
[Site "Jastrzebia Gora"]
[Date "1899-12-30"]
[Round "1.8"]
[White "Posluszny, Tomasz"]
[Black "Godzwon, Iwo"]
[Result "0-1"]
[WhiteTitle "I+"]
[BlackTitle "k"]
[WhiteElo "1892"]
[BlackElo "2222"]

1. d4 Nf6 2. c4 g6 3. Nc3 d5 4. Qb3 dxc4 5. Qxc4 Bg7 6. e4 O-O 7. Nf3 Nc6 8. Bf4
Ne8 9. O-O-O Nd6 10. Qc5 Bg4 11. d5 Bxf3 12. gxf3 Ne5 13. Be2 b6 14. Qa3 b5 15.
Qc5 a6 16. Be3 Nd7 17. Qb4 Nb6 18. Bd4 a5 19. Qb3 b4 20. Na4 Bxd4 21. Rxd4 Qc8
22. Kb1 Qh3 23. Bf1 Qh4 24. Rd2 Qf4 25. Rd3 Nbc4 26. Kc2 c5 27. Be2 Ne5 28. Rd2
Nxe4 29. fxe4 Qxe4+ 30. Bd3 Qxh1 31. f4 c4 32. Bxc4 Nxc4 33. Qxc4 Rac8 34. Nc5
Qg1 0-1

[Event "FINAL MISTRZOSTW POLSKI JUNIOROW 2018 - GRUPA  C16"]
[Site "Jastrzebia Gora"]
[Date "1899-12-30"]
[Round "1.9"]
[White "Fus, Jakub"]
[Black "Wierzbicki, Michal"]
[Result "1/2-1/2"]
[WhiteTitle "I++"]
[BlackTitle "I"]
[WhiteElo "2194"]
[BlackElo "1867"]

1. d4 Nf6 2. c4 e6 3. Nf3 d5 4. g3 c6 5. Nbd2 Nbd7 6. Bg2 Bd6 7. O-O O-O 8. b3
e5 9. dxe5 Nxe5 10. cxd5 cxd5 11. Bb2 Qe7 12. Nxe5 Bxe5 13. Bxe5 Qxe5 14. Nf3
Qd6 15. Nd4 Be6 16. Qd3 Rac8 17. Rfd1 a6 18. Nf5 Bxf5 19. Qxf5 Qe6 20. Qd3 Rfd8
21. Rac1 h6 22. e3 Rxc1 23. Rxc1 Qe5 24. Qc3 Qe7 25. Qd4 Ne4 26. Rd1 f5 27. f3
Nf6 28. e4 Rd7 29. e5 Ne8 30. f4 Nc7 31. Rc1 Kh8 32. Bh3 Ne6 33. Qb6 g6 34. Bf1
Kg7 35. Bd3 Kf7 36. h4 h5 37. b4 Rc7 38. Rxc7 Qxc7 39. Qxc7+ Nxc7 40. Kf2 Ke7
41. Ke3 Ne6 42. a4 Kd7 43. b5 d4+ 44. Ke2 Nc5 45. bxa6 bxa6 46. a5 Ke7 47. Bc4
Kf8 48. Kd2 Ke8 49. Kc2 Ke7 50. Kb2 Nb7 51. Bxa6 Nxa5 52. Bd3 Ke6 53. Bb5 Ke7
54. Kc2 Nb7 55. Kd3 Nc5+ 56. Kxd4 Ne4 57. Bd3 Nf2 58. Ke3 Ng4+ 59. Kf3 Nh2+ 60.
Ke2 Ng4 61. Bc4 Nh6 62. Bd5 Ng4 63. Bf3 Nh6 64. Kd3 Nf7 65. Kd4 Nh6 66. Bd1 Nf7
67. Kc5 Nh6 68. Kb6 Nf7 69. Kc5 Nh6 70. Kd5 Nf7 71. Be2 Nh6 72. Bf3 Nf7 73. Bd1
Nh6 74. e6 Ng8 75. Ke5 Nf6 76. Bf3 Ne4 77. Bxe4 fxe4 78. Kxe4 Kxe6 79. Ke3 Kf6
80. Kd4 Kf5 81. Ke3 Kf6 82. Kf3 Kf5 83. Kg2 Kf6 84. Kf2 Ke6 85. Kf3 Kf5 86. g4+
hxg4+ 87. Kg3 Ke6 88. Kxg4 Kf6 89. Kg3 Ke6 90. Kf3 Kf5 91. Kg3 Ke6 92. Kf2 Kf6
93. Ke3 Kf5 94. Kf3 Ke6 95. Kg4 Kf6 96. h5 gxh5+ 97. Kxh5 Kf5 98. Kh4 Kxf4 1/2-1/2

[Event "FINAL MISTRZOSTW POLSKI JUNIOROW 2018 - GRUPA  C16"]
[Site "Jastrzebia Gora"]
[Date "1899-12-30"]
[Round "1.10"]
[White "Ossolinski, Ziemowit"]
[Black "Kozak, Antoni"]
[Result "0-1"]
[WhiteTitle "I"]
[BlackTitle "k"]
[WhiteElo "1858"]
[BlackElo "2148"]

1. e4 c6 2. d4 d5 3. e5 Bf5 4. h4 h5 5. c4 e6 6. Nc3 Ne7 7. Nf3 Nd7 8. Bg5 dxc4
9. Bxc4 Qb6 10. Bb3 Bg4 11. Na4 Qc7 12. Qd3 O-O-O 13. Qc3 f6 14. exf6 gxf6 15.
Be3 Nb6 16. Nxb6+ axb6 17. Nd2 Nd5 18. Bxd5 exd5 19. a4 f5 20. g3 Bd6 21. f4 Rhe8
22. Kf2 Re6 23. a5 Rde8 24. Rhe1 bxa5 25. Rxa5 Qb6 26. Ra8+ Kc7 27. Ra4 Qb5 28.
b3 Kd7 29. Nb1 Bh3 30. Nd2 R8e7 31. Kf3 Ke8 32. Kf2 Bg4 33. Nb1 Kf7 34. Nd2 b6
35. Nf1 Kg6 36. Nd2 Kh6 37. Nf1 Kh7 38. Nd2 c5 39. Ra8 Re8 40. Rxe8 Qxe8 41. Nf1
Qb5 42. Qc2 Re4 43. Nd2 cxd4 44. Nxe4 dxe3+ 45. Rxe3 dxe4 46. Re1 Bc5+ 47. Kg2
Qd3 0-1

[Event "FINAL MISTRZOSTW POLSKI JUNIOROW 2018 - GRUPA  C16"]
[Site "Jastrzebia Gora"]
[Date "1899-12-30"]
[Round "1.11"]
[White "Lis, Mateusz"]
[Black "Golecki, Jan"]
[Result "1/2-1/2"]
[WhiteTitle "k"]
[BlackTitle "I++"]
[WhiteElo "2132"]
[BlackElo "1850"]

1. e4 c5 2. Nf3 d6 3. d4 cxd4 4. Nxd4 Nf6 5. Nc3 g6 6. Be3 Bg7 7. f3 O-O 8. Qd2
Nc6 9. g4 Be6 10. O-O-O Nxd4 11. Bxd4 Qa5 12. a3 Rab8 13. h4 b5 14. h5 b4 15.
Nb1 Rfc8 16. hxg6 hxg6 17. g5 Nh5 18. Bxg7 Kxg7 19. Bd3 Qe5 20. axb4 Nf4 21. Rdg1
Rxb4 22. Nc3 Rcb8 23. Qh2 Rxb2 24. Qh7+ Kf8 25. Qh8+ Qxh8 26. Rxh8+ Kg7 27. Rh4
Nxd3+ 28. cxd3 f6 29. gxf6+ exf6 30. Rgh1 Bg8 31. R4h2 R2b3 32. Kd2 a5 33. Rh3
Rb2+ 34. Ke3 Rc2 35. Ne2 a4 36. Nd4 Rc3 37. Kd2 Rbc8 38. Rg3 Kf7 39. Ra1 a3 40.
Nb5 Rc2+ 41. Ke3 Rb8 42. Nxa3 Rc7 43. Nc4 Rd8 44. Kd4 Kg7 45. Ne3 Bf7 46. f4 Rcd7
47. Nf5+ Kf8 48. Nh4 d5 49. e5 g5 50. fxg5 fxe5+ 51. Kxe5 d4 52. g6 Re7+ 53. Kf4
Be6 54. Re1 Kg8 55. Re4 Ree8 56. g7 Rd7 57. Rg6 Rf7+ 58. Kg5 Rxg7 59. Rxg7+ Kxg7
60. Nf3 Kf7 61. Ne5+ Ke7 62. Rxd4 Rc8 63. Ng6+ Kf7 64. Rf4+ Kg7 65. Re4 Kf7 66.
Ne5+ Ke7 67. Nf3 Kd6 68. Nd4 Rg8+ 69. Kf4 Rg4+ 70. Ke3 Rxe4+ 71. Kxe4 Bg8 72.
Nf5+ 1/2-1/2

[Event "FINAL MISTRZOSTW POLSKI JUNIOROW 2018 - GRUPA  C16"]
[Site "Jastrzebia Gora"]
[Date "1899-12-30"]
[Round "1.12"]
[White "Zolkiewski, Jakub"]
[Black "Musial, Tomasz"]
[Result "1-0"]
[WhiteTitle "I"]
[BlackTitle "I++"]
[WhiteElo "1835"]
[BlackElo "2130"]

1. d4 e6 2. Nf3 Nf6 3. c4 b6 4. g3 Ba6 5. b3 Bb4+ 6. Bd2 Be7 7. Bg2 c6 8. O-O d5
9. Qc2 Nbd7 10. Bg5 Rc8 11. Nbd2 c5 12. Qb2 h6 13. Be3 dxc4 14. Nxc4 cxd4 15.
Nxd4 Bxc4 16. bxc4 Nc5 17. Rad1 Nfd7 18. Nc6 Qc7 19. Nxe7 Kxe7 20. Qxg7 Nf6 21.
Bd4 e5 22. Bxc5+ Qxc5 23. Rd5 Qc7 24. f4 Nxd5 25. fxe5 Qxc4 26. Qxf7+ Kd8 27.
Bxd5 Qc5+ 28. Kg2 Qe7 29. Qf4 Rc5 30. Rd1 Kc8 31. Qg4+ Kb8 32. e6 Rd8 33. Qf4+
Kc8 34. Qe4 Rf8 35. Bc4 Qb7 36. Ba6 Rc7 37. Bxb7+ Rxb7 38. Rc1+ 1-0

[Event "FINAL MISTRZOSTW POLSKI JUNIOROW 2018 - GRUPA  C16"]
[Site "Jastrzebia Gora"]
[Date "1899-12-30"]
[Round "1.13"]
[White "Kokoszczynski, Jan"]
[Black "Dzwierzynski, Bartosz"]
[Result "1-0"]
[WhiteTitle "k"]
[BlackTitle "I"]
[WhiteElo "2108"]
[BlackElo "1828"]

1. d4 d5 2. c4 e6 3. Nc3 f5 4. Nf3 c6 5. e3 Nf6 6. Qc2 Bd6 7. Bd3 Ne4 8. O-O O-O
9. b3 Bd7 10. Ne2 Be8 11. Ne5 Nd7 12. Nxd7 Qxd7 13. f3 Nf6 14. Bb2 Bg6 15. Nf4
Bf7 16. Ne2 Bg6 17. Rad1 Rae8 18. Nc3 Qe7 19. Rde1 a6 20. a4 Nh5 21. g3 Nf6 22.
Qd2 e5 23. dxe5 Bxe5 24. cxd5 Nxd5 25. Nxd5 cxd5 26. Bd4 Qd6 27. f4 Bf6 28. b4
Rf7 29. Qb2 Rc8 30. Rc1 Rfc7 31. Rxc7 Rxc7 32. Bxf6 Qxf6 33. Qxf6 gxf6 34. Rd1
Bf7 35. Bxf5 Rc4 36. Rd4 Rc1+ 37. Kf2 Ra1 38. a5 Ra2+ 39. Kf3 Rb2 40. Bc8 Bg6
41. f5 1-0

[Event "FINAL MISTRZOSTW POLSKI JUNIOROW 2018 - GRUPA  C16"]
[Site "Jastrzebia Gora"]
[Date "1899-12-30"]
[Round "1.14"]
[White "Piekielny, Pawel"]
[Black "Szczurek, Krzysztof"]
[Result "0-1"]
[WhiteTitle "I"]
[BlackTitle "FM"]
[WhiteElo "1787"]
[BlackElo "2089"]

1. e4 c5 2. Nf3 d6 3. d4 cxd4 4. Nxd4 Nf6 5. Nc3 a6 6. Bg5 e6 7. f4 h6 8. Bh4 Be7
9. Qf3 g5 10. fxg5 Nfd7 11. O-O-O Ne5 12. Qf2 b5 13. Nf3 Nxf3 14. Qxf3 hxg5 15.
e5 d5 16. Bg3 Bb7 17. Ne4 Nd7 18. Nd6+ Bxd6 19. exd6 Qf6 20. Qe3 e5 21. Be2 Qxd6
22. Bg4 f6 23. h4 gxh4 24. Rxh4 O-O-O 25. Qf2 Rhg8 26. Rf1 Kb8 27. Bxd7 Qxd7 28.
Bh2 Rg6 29. Bg1 d4 30. g3 Rdg8 31. Bh2 Ka8 32. Kb1 Rd8 33. Ka1 e4 34. Rh5 e3 35.
Qe1 Be4 36. Qa5 f5 37. Rh7 Qxh7 38. Qxd8+ Kb7 39. Qxd4 e2 40. Re1 Qxh2 41. Qd7+
Kb6 42. Qd8+ Kc5 43. Qc7+ Kd4 44. Qa7+ Ke5 45. Qe7+ Re6 46. Qc5+ Bd5 47. Qc7+
Rd6 48. Qg7+ Ke6 49. Qg6+ Kd7 50. Qxf5+ Be6 51. Qf3 Qg2 52. Qxe2 Qxe2 53. Rxe2
Rd1# 0-1

[Event "FINAL MISTRZOSTW POLSKI JUNIOROW 2018 - GRUPA  C16"]
[Site "Jastrzebia Gora"]
[Date "1899-12-30"]
[Round "1.15"]
[White "Nowak, Mikolaj"]
[Black "Dixa, Oskar"]
[Result "1-0"]
[WhiteTitle "I++"]
[BlackTitle "I+"]
[WhiteElo "2065"]
[BlackElo "1775"]

1. d4 Nf6 2. c4 e6 3. Nc3 Bb4 4. e3 d5 5. cxd5 exd5 6. Bd3 O-O 7. Nge2 b6 8. O-O
Bb7 9. a3 Be7 10. b4 Nbd7 11. Rb1 Re8 12. Ng3 Nf8 13. Bc2 Ne6 14. Qd3 Rc8 15.
b5 Bd6 16. Nce2 g6 17. f3 Ng7 18. Bd2 Qe7 19. a4 Nfh5 20. Nxh5 Nxh5 21. g3 f5
22. Bb3 Kh8 23. Rbe1 Qg5 24. Kg2 Qf6 25. Nc3 Qe6 26. Kg1 Nf6 27. e4 1-0

[Event "FINAL MISTRZOSTW POLSKI JUNIOROW 2018 - GRUPA  C16"]
[Site "Jastrzebia Gora"]
[Date "1899-12-30"]
[Round "1.16"]
[White "Rogala, Milosz"]
[Black "Polczyk, Mikolaj"]
[Result "0-1"]
[WhiteTitle "II"]
[BlackTitle "I+"]
[WhiteElo "1749"]
[BlackElo "2051"]

1. e4 c5 2. Nf3 d6 3. d4 cxd4 4. Nxd4 Nf6 5. Nc3 Nc6 6. Be2 g6 7. Be3 Bg7 8. O-O
O-O 9. Qd2 Ng4 10. Bxg4 Bxg4 11. Nb3 Ne5 12. Bd4 Nc4 13. Qg5 e5 14. Qxg4 exd4
15. Nd5 Nxb2 16. Rab1 Na4 17. Rbd1 Nc3 18. Nxc3 dxc3 19. Rd5 Qe7 20. Rfd1 Rae8
21. Rxd6 Qxe4 22. Qxe4 Rxe4 23. Kf1 Ra4 24. Ra1 b6 25. Rd7 Re8 26. Nc1 Rae4 27.
Rd1 Kf8 28. Nd3 Re2 29. Rac1 Bd4 30. Re1 Rd2 31. Rxe8+ Kxe8 32. Re1+ Kd7 33. Re2
Kc6 34. Ke1 Rxe2+ 35. Kxe2 Kb5 36. f3 Ka4 37. Nc1 Ka3 38. Kd3 Bf6 39. g4 Kb2 40.
Ne2 Kxa2 41. Nf4 b5 42. Nd5 Bg7 43. f4 a5 44. f5 gxf5 45. gxf5 Be5 46. h3 b4 47.
Nb6 b3 48. cxb3 Kxb3 49. Nc4 Bc7 50. Ne3 a4 51. Nc2 Be5 52. Na1+ Kb2 53. Nc2 a3
0-1

[Event "FINAL MISTRZOSTW POLSKI JUNIOROW 2018 - GRUPA  C16"]
[Site "Jastrzebia Gora"]
[Date "1899-12-30"]
[Round "1.17"]
[White "Galuszka, Tomasz"]
[Black "Distel, Pawel"]
[Result "1/2-1/2"]
[WhiteTitle "I+"]
[BlackTitle "I"]
[WhiteElo "2038"]
[BlackElo "1715"]

1. e4 e6 2. d3 d5 3. Nd2 c5 4. Ngf3 Nc6 5. g3 Bd6 6. Bg2 Nge7 7. O-O O-O 8. Re1
Qc7 9. Qe2 f6 10. a4 Rb8 11. Nf1 a6 12. Ne3 d4 13. Nc4 e5 14. Nh4 g5 15. Nf3 b5
16. axb5 axb5 17. Nxd6 Qxd6 18. h4 h6 19. Nh2 Kg7 20. Qh5 Ng6 21. Bd2 Qc7 22.
Rf1 Be6 23. Ra6 Ra8 24. Rfa1 Rxa6 25. Rxa6 Qb7 26. Ra1 Ra8 27. Rf1 Bf7 28. Qg4
Qc8 29. hxg5 hxg5 30. Qe2 Qc7 31. Bh3 Rh8 32. Qg4 Nge7 33. Ra1 Bh5 34. Qd7 Qxd7
35. Bxd7 Rd8 36. Bg4 Bxg4 37. Nxg4 Nb4 38. Ra7 Kf7 39. Bxb4 cxb4 40. Ra6 Ng8 41.
Rb6 Rc8 42. Rxb5 Rxc2 43. Rxb4 Rd2 44. Rb3 Kg6 45. Kf1 Nh6 46. Ke1 Rc2 47. Kd1
Rc6 48. Nh2 Kf7 49. Rb7+ Kg8 50. Kd2 Nf7 51. Ng4 Kf8 52. Nh2 Nd6 53. Rb8+ Ke7
54. Nf3 Kd7 55. Ne1 Kc7 56. Rf8 Nb7 57. Rf7+ Kc8 58. b4 Nd6 59. Ra7 Nb5 60. Ra5
Nc3 61. Nc2 Nb1+ 62. Kc1 Nc3 63. Ra1 Kb7 64. Kb2 Nb5 65. Rc1 Kb6 66. Na1 Nc3 1/2-1/2

[Event "FINAL MISTRZOSTW POLSKI JUNIOROW 2018 - GRUPA  C16"]
[Site "Jastrzebia Gora"]
[Date "1899-12-30"]
[Round "1.18"]
[White "Kukorowski, Jan"]
[Black "Pytel, Maciej"]
[Result "1-0"]
[WhiteTitle "I"]
[BlackTitle "I+"]
[WhiteElo "1699"]
[BlackElo "2037"]

1. e4 c5 2. Nf3 e6 3. d4 cxd4 4. Nxd4 a6 5. Bd3 Nf6 6. O-O Qc7 7. Qe2 d6 8. c4
Nbd7 9. Nc3 Ne5 10. f4 Nxd3 11. Qxd3 b6 12. f5 Bd7 13. b3 Rc8 14. Nce2 e5 15.
Nf3 b5 16. Nd2 bxc4 17. bxc4 Qa7+ 18. Kh1 Ng4 19. Qf3 Ne3 20. Rg1 Nxc4 21. Nxc4
Rxc4 22. Qd3 Qc7 23. Bd2 Bb5 24. Nc3 Qc5 25. a4 Bc6 26. Rgb1 Be7 27. Rb8+ Bd8
28. Qg3 g6 29. fxg6 hxg6 30. Qg5 Kd7 31. Qg4+ f5 32. Qxg6 Kc7 33. Rab1 Re8 34.
Nd5+ Kd7 35. Qxf5+ Re6 36. Rxd8+ Kxd8 37. Qxe6 Bxd5 38. Rb8+ Kc7 39. Qc8# 1-0

[Event "FINAL MISTRZOSTW POLSKI JUNIOROW 2018 - GRUPA  C16"]
[Site "Jastrzebia Gora"]
[Date "1899-12-30"]
[Round "2.1"]
[White "Szczurek, Krzysztof"]
[Black "Teclaf, Pawel"]
[Result "0-1"]
[WhiteTitle "FM"]
[BlackTitle "CM"]
[WhiteElo "2089"]
[BlackElo "2386"]

1. d4 d5 2. Nf3 e6 3. Bf4 Nf6 4. e3 c5 5. c3 Nc6 6. Bd3 Bd6 7. Ne5 Qc7 8. Bb5 O-O
9. Nd3 Bxf4 10. Nxf4 cxd4 11. cxd4 Nxd4 12. Bd3 Nc6 13. O-O e5 14. Nh5 Nxh5 15.
Qxh5 f5 16. Nc3 Be6 17. Rac1 Qe7 18. Rfd1 Rad8 19. Na4 Rd6 20. Nc5 Bc8 21. Qe2
e4 22. Bc2 Kh8 23. Nb3 f4 24. exf4 Rxf4 25. Qe3 Rf8 26. Nd4 Ne5 27. Nb5 Rdd8 28.
Qxa7 Bg4 29. Re1 Nf3+ 30. gxf3 Bxf3 31. Qe3 Qd7 32. Qg5 Qxb5 33. Bxe4 h6 34. Qe5
Bxe4 35. Rxe4 Rde8 0-1

[Event "FINAL MISTRZOSTW POLSKI JUNIOROW 2018 - GRUPA  C16"]
[Site "Jastrzebia Gora"]
[Date "1899-12-30"]
[Round "2.2"]
[White "Polczyk, Mikolaj"]
[Black "Psyk, Radoslaw"]
[Result "1-0"]
[WhiteTitle "I+"]
[BlackTitle "k++"]
[WhiteElo "2051"]
[BlackElo "2313"]

1. d4 Nf6 2. c4 e6 3. Nf3 b6 4. g3 Bb7 5. Bg2 d6 6. O-O Nbd7 7. Nc3 Ne4 8. Qc2
Nxc3 9. Qxc3 Be7 10. Qc2 Bf6 11. Rd1 Qe7 12. Rb1 g6 13. b4 O-O 14. c5 Nb8 15.
h4 dxc5 16. bxc5 Nc6 17. e4 Rac8 18. Qa4 Na5 19. d5 exd5 20. exd5 Rfd8 21. c6
Ba6 22. Ba3 Qe2 23. Qf4 Qxa2 24. Qxf6 Qxa3 25. Ne5 Qf8 26. Nd7 Qg7 27. Bh3 Re8
28. Qf4 f5 29. Re1 Nc4 30. Rxe8+ Rxe8 31. Qxc7 Nd2 32. Rd1 Nf3+ 33. Kh1 Be2 34.
Rb1 Bd3 35. Qd6 Bxb1 36. Nf6+ Qxf6 37. Qxf6 Re1+ 38. Kg2 Be4 39. Qd8+ Kf7 40.
Qc7+ Kg8 41. Qd8+ Kf7 42. Qd7+ Kf8 43. Qd6+ Kf7 44. Qe6+ Kf8 45. Qf6+ Kg8 46.
Qe6+ Kg7 47. Qe7+ Kh6 48. Qf8+ Kh5 49. g4+ fxg4 50. Kg3 gxh3 51. c7 h2 52. Qg7
Rg1+ 53. Kf4 g5+ 54. hxg5 Nxg5 55. c8=Q Bg6 56. Qcf8 Nh3+ 57. Ke3 h1=Q 58. Qh6+
Kg4 59. Qc8+ Bf5 60. Qc4+ Qe4+ 61. Qxe4+ Bxe4 62. Kxe4 Ng5+ 63. Kd4 Rd1+ 64. Kc4
Rc1+ 65. Kb3 Kf5 66. Qf8+ Kg6 67. d6 Nf7 68. Qe7 Kg7 69. d7 Rd1 70. Kc2 Rd5 71.
Qe6 Rc5+ 72. Kb3 Rb5+ 73. Kc4 Rc5+ 74. Kd3 Rc6 75. Qxf7+ Kxf7 76. d8=Q Re6 77.
Qd7+ Re7 78. Qf5+ Kg7 79. f4 a5 80. Qb5 Rf7 81. Ke4 Rf6 82. f5 Rf8 83. Qxb6 a4
84. Qa7+ Rf7 85. Qxa4 Re7+ 86. Kf4 Kf6 87. Qc6+ Kf7 88. Qh6 Kg8 89. Qd6 Rf7 90.
Kg5 Rf8 91. f6 Rf7 92. Qe6 1-0

[Event "FINAL MISTRZOSTW POLSKI JUNIOROW 2018 - GRUPA  C16"]
[Site "Jastrzebia Gora"]
[Date "1899-12-30"]
[Round "2.3"]
[White "Kulesza, Andrzej"]
[Black "Kosakowski, Jakub"]
[Result "0-1"]
[WhiteTitle "I"]
[BlackTitle "FM"]
[WhiteElo "1903"]
[BlackElo "2301"]

1. e4 c5 2. Nf3 d6 3. d4 cxd4 4. Nxd4 Nf6 5. Nc3 a6 6. f3 e5 7. Nb3 Be6 8. Be3
h5 9. Qd2 Nbd7 10. O-O-O Rc8 11. Nd5 Bxd5 12. exd5 g6 13. Qa5 Bh6 14. Bxh6 Rxh6
15. Qd2 Rh8 16. f4 Kf8 17. Be2 Kg7 18. Rhf1 exf4 19. Rxf4 Re8 20. g4 Qe7 21. Bf3
hxg4 22. Bxg4 Nxg4 23. Rxg4 Qe3 24. Qxe3 Rxe3 25. Na5 Ne5 26. Rg3 Re2 27. Rd2
Re1+ 28. Rd1 Re2 29. Rd2 Rxd2 30. Kxd2 b6 31. Nb3 Nc4+ 32. Kc1 Re8 33. Rg1 Re2
34. Rh1 Re5 35. Rd1 Rh5 36. Nd2 Ne3 37. Re1 Nxd5 38. Nc4 Rxh2 39. a3 f5 40. Nxd6
f4 41. Rf1 Rxc2+ 42. Kxc2 Ne3+ 43. Kd3 Nxf1 44. Ke4 g5 45. Kf5 Ng3+ 46. Kg4 Kg6
47. Nc4 Ne4 48. Ne5+ Kh6 49. Kf5 Nd6+ 50. Ke6 Kh5 51. Kxd6 g4 52. Nc4 g3 53. Ne5
g2 54. Nf3 Kg4 55. Ng1 f3 0-1